| 000 | 00864nam0a22002411 4500 | ||
|---|---|---|---|
| 001 | rc\770387 | ||
| 005 | 20250622125011.0 | ||
| 035 | _a(NLR Aleph) 006297060 | ||
| 090 |
_a7211392 _c7211392 |
||
| 100 | _a20040301d1984 |||y0rusy50 ca | ||
| 101 | 0 | _arus | |
| 102 | _aRU | ||
| 105 | _ay ||||||||| | ||
| 200 | 1 |
_aРусская грамота в киргизской школе _eПример. поуроч. разраб. и рекомендации для учителей нач. шк. |
|
| 210 |
_aФрунзе _cМектеп _d1984 |
||
| 215 |
_a86 с. _d20 |
||
| 300 | _aВ надзаг.: М-во просвещения КиргССР, Кирг. НИИ педагогики | ||
| 700 | 1 |
_aАбдулина _bЭ.Ш. _gЭмма Шакировна |
|
| 801 | 0 |
_aRU _bNLR _gpsbo |
|
| 801 | 1 |
_aRU _bELAR _2rusmarc |
|
| 852 |
_aNLR _j85-4/11297 |
||
| 942 | _cBOOK | ||
| 980 | _aNB | ||